<?xml version="1.0" encoding="UTF-8"?>
<record
    xmlns:xsi="http://www.w3.org/2001/XMLSchema-instance"
    xsi:schemaLocation="http://www.loc.gov/MARC21/slim http://www.loc.gov/standards/marcxml/schema/MARC21slim.xsd"
    xmlns="http://www.loc.gov/MARC21/slim">

  <leader>01265nam0a2200373   4500</leader>
  <controlfield tag="001">RU\NLR\bibl\338903</controlfield>
  <controlfield tag="005">20250621150831.0</controlfield>
  <datafield tag="010" ind1=" " ind2=" ">
    <subfield code="a">5-94371-134-1</subfield>
    <subfield code="9">8000</subfield>
  </datafield>
  <datafield tag="021" ind1=" " ind2=" ">
    <subfield code="a">RU</subfield>
    <subfield code="b">2002-40763</subfield>
    <subfield code="9">1984</subfield>
  </datafield>
  <datafield tag="035" ind1=" " ind2=" ">
    <subfield code="a">(NLR Aleph) 000333789</subfield>
  </datafield>
  <datafield tag="090" ind1=" " ind2=" ">
    <subfield code="a">173425</subfield>
    <subfield code="c">173425</subfield>
  </datafield>
  <datafield tag="100" ind1=" " ind2=" ">
    <subfield code="a">20021104d2002    |||y0rusy50      ca</subfield>
  </datafield>
  <datafield tag="101" ind1="0" ind2=" ">
    <subfield code="a">rus</subfield>
  </datafield>
  <datafield tag="102" ind1=" " ind2=" ">
    <subfield code="a">RU</subfield>
  </datafield>
  <datafield tag="105" ind1=" " ind2=" ">
    <subfield code="a">a   |||||||||</subfield>
  </datafield>
  <datafield tag="200" ind1="1" ind2=" ">
    <subfield code="a">&#x41B;&#x435;&#x447;&#x435;&#x431;&#x43D;&#x44B;&#x435; &#x43D;&#x430;&#x441;&#x442;&#x440;&#x43E;&#x438; &#x438; &#x43F;&#x440;&#x43E;&#x433;&#x440;&#x430;&#x43C;&#x43C;&#x44B; &#x434;&#x43B;&#x44F; &#x438;&#x441;&#x446;&#x435;&#x43B;&#x435;&#x43D;&#x438;&#x44F; &#x434;&#x443;&#x448;&#x438; &#x438; &#x442;&#x435;&#x43B;&#x430;</subfield>
    <subfield code="f">&#x41F;&#x435;&#x442;&#x440; &#x42E;&#x43D;&#x430;&#x446;&#x43A;&#x435;&#x432;&#x438;&#x447;</subfield>
  </datafield>
  <datafield tag="210" ind1=" " ind2=" ">
    <subfield code="a">&#x421;&#x41F;&#x431;.</subfield>
    <subfield code="c">&#x41D;&#x435;&#x432;. &#x43F;&#x440;&#x43E;&#x441;&#x43F;&#x435;&#x43A;&#x442;</subfield>
    <subfield code="d">2002</subfield>
  </datafield>
  <datafield tag="215" ind1=" " ind2=" ">
    <subfield code="a">155 &#x441;.</subfield>
    <subfield code="c">&#x438;&#x43B;.</subfield>
    <subfield code="d">21</subfield>
  </datafield>
  <datafield tag="225" ind1="1" ind2=" ">
    <subfield code="a">&#x421;&#x435;&#x440;&#x438;&#x44F; "&#x418;&#x441;&#x442;&#x43E;&#x43A;&#x438; &#x437;&#x434;&#x43E;&#x440;&#x43E;&#x432;&#x44C;&#x44F;"</subfield>
  </datafield>
  <datafield tag="606" ind1="0" ind2=" ">
    <subfield code="a">&#x410;&#x443;&#x442;&#x43E;&#x433;&#x435;&#x43D;&#x43D;&#x430;&#x44F; &#x442;&#x440;&#x435;&#x43D;&#x438;&#x440;&#x43E;&#x432;&#x43A;&#x430;</subfield>
    <subfield code="9">1053120</subfield>
    <subfield code="3">RU\NLR\auth\6689255</subfield>
  </datafield>
  <datafield tag="610" ind1="0" ind2=" ">
    <subfield code="a">&#x417;&#x434;&#x43E;&#x440;&#x43E;&#x432;&#x44B;&#x439; &#x43E;&#x431;&#x440;&#x430;&#x437; &#x436;&#x438;&#x437;&#x43D;&#x438;</subfield>
  </datafield>
  <datafield tag="610" ind1="0" ind2=" ">
    <subfield code="a">&#x410;&#x443;&#x442;&#x43E;&#x433;&#x435;&#x43D;&#x43D;&#x430;&#x44F; &#x442;&#x440;&#x435;&#x43D;&#x438;&#x440;&#x43E;&#x432;&#x43A;&#x430;</subfield>
  </datafield>
  <datafield tag="675" ind1=" " ind2=" ">
    <subfield code="a">615.851.111</subfield>
    <subfield code="v">3</subfield>
    <subfield code="z">rus</subfield>
  </datafield>
  <datafield tag="686" ind1=" " ind2=" ">
    <subfield code="a">76.29</subfield>
    <subfield code="2">rugasnti</subfield>
  </datafield>
  <datafield tag="686" ind1=" " ind2=" ">
    <subfield code="a">53.57</subfield>
    <subfield code="2">rubbk</subfield>
  </datafield>
  <datafield tag="686" ind1=" " ind2=" ">
    <subfield code="a">&#x420;357.112</subfield>
  </datafield>
  <datafield tag="700" ind1=" " ind2="1">
    <subfield code="a">&#x42E;&#x43D;&#x430;&#x446;&#x43A;&#x435;&#x432;&#x438;&#x447;</subfield>
    <subfield code="b">&#x41F;. &#x418;.</subfield>
    <subfield code="g">&#x41F;&#x435;&#x442;&#x440; &#x418;&#x432;&#x430;&#x43D;&#x43E;&#x432;&#x438;&#x447;</subfield>
    <subfield code="4">070</subfield>
  </datafield>
  <datafield tag="801" ind1=" " ind2="0">
    <subfield code="a">RU</subfield>
    <subfield code="b">RKP</subfield>
    <subfield code="c">20021104</subfield>
    <subfield code="g">PSBO</subfield>
  </datafield>
  <datafield tag="801" ind1=" " ind2="1">
    <subfield code="a">RU</subfield>
    <subfield code="b">RKP</subfield>
    <subfield code="c">20021104</subfield>
  </datafield>
  <datafield tag="801" ind1=" " ind2="2">
    <subfield code="a">RU</subfield>
    <subfield code="b">NLR</subfield>
    <subfield code="c">20030105</subfield>
    <subfield code="g">rcr</subfield>
  </datafield>
  <datafield tag="830" ind1=" " ind2=" ">
    <subfield code="a">&#x410;&#x432;&#x442;. &#x43F;&#x43E; &#x43A;&#x43D;.</subfield>
  </datafield>
  <datafield tag="942" ind1=" " ind2=" ">
    <subfield code="c">BOOK</subfield>
  </datafield>
  <datafield tag="980" ind1=" " ind2=" ">
    <subfield code="a">NB</subfield>
  </datafield>
  <datafield tag="995" ind1=" " ind2=" ">
    <subfield code="5">2002-11-25</subfield>
    <subfield code="a">ad</subfield>
    <subfield code="b">NLR01</subfield>
    <subfield code="c">NLR01</subfield>
    <subfield code="e">RF8</subfield>
    <subfield code="f">1-504118</subfield>
    <subfield code="k">2002-3/29058</subfield>
    <subfield code="o">0</subfield>
    <subfield code="r">BOOK</subfield>
    <subfield code="s">2002329058_</subfield>
  </datafield>
  <datafield tag="995" ind1=" " ind2=" ">
    <subfield code="5">2002-11-25</subfield>
    <subfield code="a">ad</subfield>
    <subfield code="b">NLR01</subfield>
    <subfield code="c">NLR01</subfield>
    <subfield code="e">RF8</subfield>
    <subfield code="f">375544</subfield>
    <subfield code="k">2002-3/29058</subfield>
    <subfield code="o">0</subfield>
    <subfield code="r">BOOK</subfield>
    <subfield code="s">2002329058_</subfield>
  </datafield>
</record>
